[Event "FIDE WYCC 2016 U18 girls"]
[Site "Khanty Mansiysk"]
[Date "2016.09.24"]
[Round "3.4"]
[White "Khomeriki, Nino"]
[Black "Marjina, Arina"]
[Result "1-0"]
[WhiteElo "2357"]
[BlackElo "2076"]
[Annotator "Reinhold Goldau"]
[PlyCount "55"]
[EventDate "2016.09.??"]
[EventType "swiss"]
[EventRounds "11"]
[EventCountry "RUS"]
[SourceTitle "Youth Database"]
[Source "CBase R.Goldau"]
[SourceDate "2000.03.01"]
[TimeControl "40/5400+30:1800+30"]

1. d4 {[%emt 0:00:00]} Nf6 {[%emt 0:00:30]} 2. c4 {[%emt 0:00:00]} g6 {[%emt 0:
00:10]} 3. Nc3 {[%emt 0:00:22]} Bg7 {[%emt 0:00:15]} 4. Nf3 {[%emt 0:00:07]}
O-O {[%emt 0:00:13]} 5. g3 {[%emt 0:00:31]} d6 {[%emt 0:00:12]} 6. Bg2 {
[%emt 0:00:07]} Nc6 {[%emt 0:00:22]} 7. O-O {[%emt 0:00:22]} a6 {[%emt 0:00:10]
} 8. Bf4 {[%emt 0:00:21]} Rb8 {[%emt 0:00:29]} 9. Rc1 {[%emt 0:00:25]} b5 {
[%emt 0:00:41]} 10. Nd5 {[%emt 0:01:09]} bxc4 {[%emt 0:00:34]} 11. Nxf6+ {
[%emt 0:00:17]} exf6 {[%emt 0:00:13]} 12. Rxc4 {[%emt 0:00:34]} Ne7 {[%emt 0:
00:22]} 13. b3 {[%emt 0:00:25]} Bb7 {[%emt 0:02:48]} 14. Qc1 {[%emt 0:06:38]}
Nd5 {[%emt 0:06:56]} 15. Bd2 {[%emt 0:01:13]} Re8 {[%emt 0:06:56]} 16. e3 {
[%emt 0:07:43]} Rc8 {[%emt 0:10:28]} 17. Ba5 {[%emt 0:05:55]} Nb6 {[%emt 0:06:
41]} 18. Rc3 {[%emt 0:09:31]} Qd7 {[%emt 0:03:15]} 19. Ne5 {[%emt 0:12:17]}
Rxe5 {[%emt 0:14:36]} 20. dxe5 {[%emt 0:04:15]} Bxg2 {[%emt 0:00:18]} 21. Kxg2
{[%emt 0:00:30]} Nd5 {[%emt 0:01:42]} 22. Rd3 {[%emt 0:02:32]} Qb5 {[%emt 0:03:
18]} 23. Qc4 {[%emt 0:08:13]} Qxa5 {[%emt 0:05:56]} 24. Rxd5 {[%emt 0:00:18]}
Qb6 {[%emt 0:00:31]} 25. exd6 {[%emt 0:00:52]} Qb7 {[%emt 0:00:57]} 26. Rc1 {
[%emt 0:01:05]} c5 {[%emt 0:04:08]} 27. d7 {[%emt 0:00:55]} Rd8 {[%emt 0:00:58]
} 28. Qxc5 {[%emt 0:00:07]} 1-0

[Event "FIDE WYCC 2016 U18 girls"]
[Site "Khanty Mansiysk"]
[Date "2016.09.25"]
[Round "4.9"]
[White "Abdusattorova, Bakhora"]
[Black "Lingur, Zalina"]
[Result "0-1"]
[WhiteElo "2177"]
[BlackElo "1986"]
[Annotator "Reinhold Goldau"]
[PlyCount "126"]
[EventDate "2016.09.??"]
[EventType "swiss"]
[EventRounds "11"]
[EventCountry "RUS"]
[SourceTitle "Youth Database"]
[Source "CBase R.Goldau"]
[SourceDate "2000.03.01"]

1. d4 Nf6 2. c4 e6 3. Nc3 Bb4 4. e3 O-O 5. Nge2 d5 6. a3 Bd6 7. Ng3 c5 8. dxc5
Bxc5 9. b4 Be7 10. Bb2 Nc6 11. Be2 dxc4 12. Bxc4 b6 13. Qc2 Ne5 14. Be2 Bb7 15.
O-O Qc7 16. Rac1 Rac8 17. f4 Ned7 18. Bd3 a5 19. Qe2 Qb8 20. Na2 Qa8 21. Bd4
axb4 22. axb4 Rxc1 23. Rxc1 Rc8 24. Rxc8+ Qxc8 25. e4 Qc7 26. Be3 Qc8 27. Bd2
Qa8 28. Bc3 Qa3 29. Bb5 Nf8 30. Bc4 Qa8 31. Bd3 N8d7 32. Nc1 Qc8 33. Qd2 Nb8
34. Nce2 Nc6 35. Qb2 Qf8 36. b5 Bc5+ 37. Kf1 Nb4 38. Bxb4 Bxb4 39. h3 Bc5 40.
Qb1 h6 41. Nc3 Qd6 42. Nce2 Qd8 43. Ke1 h5 44. Nf1 Qa8 45. Nd2 Qa5 46. Kd1 Bb4
47. Nb3 Qa4 48. Nec1 Ba3 49. Ne2 Nxe4 50. Bxe4 Qxe4 51. Qa1 Bb4 52. Qb2 Qxg2
53. Nbd4 Qf1+ 54. Kc2 Bc5 55. Kd2 Qxh3 56. Qc2 Bb4+ 57. Kc1 Qe3+ 58. Kb2 Ba3+
59. Ka1 Bc5 60. Nb3 Be4 61. Qd1 Bd5 62. Nxc5 Qxc5 63. Qa4 Qc4 0-1

[Event "FIDE WYCC 2016 U18 girls"]
[Site "Khanty Mansiysk"]
[Date "2016.09.25"]
[Round "4.10"]
[White "Hu, Yu A"]
[Black "Vidic, Teja"]
[Result "1-0"]
[WhiteElo "2049"]
[BlackElo "2121"]
[Annotator "Reinhold Goldau"]
[PlyCount "31"]
[EventDate "2016.09.??"]
[EventType "swiss"]
[EventRounds "11"]
[EventCountry "RUS"]
[SourceTitle "Youth Database"]
[Source "CBase R.Goldau"]
[SourceDate "2000.03.01"]

1. e4 c5 2. Nf3 d6 3. d4 cxd4 4. Nxd4 Nf6 5. Nc3 Nc6 6. Bc4 g6 7. f3 Qb6 8. Nb3
Ne5 9. Bb5+ Ned7 10. Bg5 Nh5 11. Nd5 Qd8 12. Qd4 Bg7 13. Qc4 Nhf6 14. Nc7+ Kf8
15. Nxa8 Ne5 16. Qc7 1-0

[Event "FIDE WYCC 2016 U18 girls"]
[Site "Khanty Mansiysk"]
[Date "2016.09.26"]
[Round "5.8"]
[White "Marjina, Arina"]
[Black "Assaubayeva, Bibisara"]
[Result "1/2-1/2"]
[WhiteElo "2076"]
[BlackElo "2287"]
[Annotator "Reinhold Goldau"]
[PlyCount "96"]
[EventDate "2016.09.??"]
[EventType "swiss"]
[EventRounds "11"]
[EventCountry "RUS"]
[SourceTitle "Youth Database"]
[Source "CBase R.Goldau"]
[SourceDate "2000.03.01"]

1. e4 c5 2. Nf3 d6 3. Bb5+ Nd7 4. d4 cxd4 5. Qxd4 e5 6. Qd3 h6 7. c4 Ngf6 8.
Nc3 Be7 9. O-O O-O 10. Bxd7 Bxd7 11. a4 Be6 12. b3 a6 13. Ba3 Qc7 14. Rfd1 Rfd8
15. Rac1 Rac8 16. h3 Bf8 17. Nd5 Bxd5 18. cxd5 Qd7 19. Nd2 b5 20. axb5 axb5 21.
Bb4 Qb7 22. Ba5 Re8 23. b4 g6 24. Nb1 h5 25. Na3 Bh6 26. Rxc8 Rxc8 27. Re1 Rb8
28. Re2 Bc1 29. Nb1 Rc8 30. Rc2 h4 31. Nc3 Bg5 32. Ne2 Kg7 33. Rc3 Qa6 34. Qc2
Rxc3 35. Nxc3 Qc8 36. Qd3 Bf4 37. Ne2 Bg5 38. Qc3 Qc4 39. Qxc4 bxc4 40. b5 Nxe4
41. Bc7 Be7 42. Nc3 Nc5 43. Kf1 Kf8 44. Bb6 Nb3 45. Bc7 Ke8 46. b6 Nc5 47. Ke2
Kd7 48. Nb5 Nb7 1/2-1/2

[Event "FIDE WYCC 2016 U18 girls"]
[Site "Khanty Mansiysk"]
[Date "2016.09.26"]
[Round "5.14"]
[White "Vidic, Teja"]
[Black "Yakimenko, Anastasia"]
[Result "0-1"]
[WhiteElo "2121"]
[BlackElo "1983"]
[Annotator "Reinhold Goldau"]
[PlyCount "108"]
[EventDate "2016.09.??"]
[EventType "swiss"]
[EventRounds "11"]
[EventCountry "RUS"]
[SourceTitle "Youth Database"]
[Source "CBase R.Goldau"]
[SourceDate "2000.03.01"]

1. e4 c5 2. Nf3 e6 3. b3 d6 4. Bb2 Nf6 5. e5 dxe5 6. Nxe5 Be7 7. Bd3 Nbd7 8. f4
Nd5 9. O-O Bf6 10. Qf3 Qe7 11. a4 g6 12. Na3 O-O 13. Nac4 Bg7 14. Rae1 Nb4 15.
Be4 Nf6 16. c3 Nxe4 17. Qxe4 Nd5 18. Ne3 Nf6 19. Qf3 Qc7 20. c4 b6 21. d4 cxd4
22. Bxd4 Bb7 23. Qe2 Rfd8 24. Qb2 Ne4 25. Rd1 f6 26. N5g4 Kf7 27. Kh1 h5 28.
Nf2 Nd6 29. Nh3 Rg8 30. Rc1 Nf5 31. Nxf5 gxf5 32. Qe2 Kg6 33. Rc3 Qc6 34. Ng1
Rh8 35. Nf3 h4 36. h3 Rag8 37. c5 bxc5 38. Rxc5 Qe4 39. Qb5 Bd5 40. Rc3 Kh5 41.
Re3 Qc2 42. Rc3 Qe4 43. Re3 Qc2 44. Qd7 Bh6 45. Qf7+ Rg6 46. Nxh4 Rhg8 47. Rg3
e5 48. Rxg6 Bxf7 49. g4+ Kxh4 50. Bf2+ Kxh3 51. Rxh6+ Kxg4 52. Rh4+ Kf3 53.
Bg1+ Ke4 54. fxe5+ Rg4 0-1